|
|
|
|
| LEADER |
00000naa a2200000uu 4500 |
| 001 |
vtls010957057 |
| 003 |
SK-MaSNL |
| 005 |
20260302130145.0 |
| 008 |
210905|1996 xo |||||||||||||||||slo| |
| 015 |
|
|
|a SNBRA
|
| 035 |
|
|
|a (urnnbn)urn:nbn:sk:snk:ar-a0bonh
|
| 035 |
|
|
|a (uuid)5b97747d-593a-4202-96ce-6a7f556ca7a8
|
| 035 |
|
|
|a urn:nbn:sk:snk-aauged
|
| 040 |
|
|
|a SNKBUCL
|b slo
|c SNKBUCL
|e AACR2
|
| 041 |
0 |
|
|a slo
|
| 044 |
|
|
|a xo
|c SK
|
| 100 |
1 |
|
|a Hudečková, Viera
|4 aut
|9 484458
|
| 245 |
1 |
0 |
|a NAJNOVŠIA ODBORNÁ HISTORICKÁ LITERATÚRA V ŠKOLSKEJ PRAXI
|c Viera Hudečková
|
| 773 |
0 |
|
|t Učiteľ a škola
|d Prešov : Metodické centrum, 1996
|g S. 81-84
|z 8080450412
|
| 958 |
|
|
|a OND
|
| 958 |
|
|
|a article11
|
| 958 |
|
|
|a chapter
|
| 999 |
|
|
|c 1297635
|d 1299565
|